[Event "Sparkassen-Open B"]
[Site "Heusenstamm, Martinsee"]
[Date "2016.11.27"]
[Round "6.40"]
[White "Pessotschinski, Eduard"]
[Black "Spill, Werner"]
[Result "1-0"]
[WhiteElo "1139"]
[BlackElo "1436"]
[PlyCount "37"]
[EventDate "2016.??.??"]
[WhiteTeam "TuS Makkabi"]
[BlackTeam "SC Königsspringer Alzenau"]

1. e4 c6 2. d4 d5 3. Nc3 dxe4 4. Nxe4 Bf5 5. Nc3 e6 6. Nf3 Bd6 7. Bc4 h6 8. O-O
Nd7 9. Re1 Ngf6 10. d5 O-O 11. dxe6 Bxe6 12. Bxe6 fxe6 13. Qxd6 Qc8 14. Qxe6+
Kh8 15. Nh4 Kh7 16. Qf5+ Kg8 17. Bxh6 Rf7 18. Qg6 Nf8 19. Qg3 1-0

[Event "Sparkassen-Open B"]
[Site "Heusenstamm, Martinsee"]
[Date "2016.11.27"]
[Round "7.1"]
[White "Pogosian, Norair"]
[Black "Krychevskiy, Dmytro"]
[Result "0-1"]
[WhiteElo "1697"]
[BlackElo "1692"]
[PlyCount "110"]
[EventDate "2016.??.??"]
[WhiteTeam "SK Ötigheim"]
[BlackTeam "SV Oberursel"]

1. e4 e6 2. d4 d5 3. Nd2 c5 4. exd5 exd5 5. Ngf3 Nf6 6. Bb5+ Nc6 7. O-O h6 8.
Re1+ Be6 9. dxc5 Bxc5 10. Nb3 Bd6 11. Nbd4 Qd7 12. Nxe6 fxe6 13. Ne5 Bxe5 14.
Rxe5 O-O 15. Re1 Qd6 16. Bxc6 bxc6 17. Qd4 c5 18. Qe5 Qxe5 19. Rxe5 Rfe8 20. f3
Rac8 21. Bd2 Kf7 22. Rae1 Rc6 23. Kf2 Ra6 24. Ra1 Rb8 25. b3 Rc8 26. a4 Rb6 27.
Rb1 Rb7 28. Rbe1 Rc6 29. Rb1 c4 30. b4 c3 31. Bc1 Rc4 32. Ba3 a5 33. b5 Rxa4
34. Rb3 Rc4 35. Ke2 Nd7 36. Re3 d4 37. Re4 Nf6 38. Re5 Ra4 39. Kd3 Nd7 40. Re2
g5 41. Re4 e5 42. Rxc3 Rxb5 43. Bd6 dxc3 44. Rxa4 Rd5+ 45. Kxc3 Rxd6 46. Rxa5
Kg6 47. Kc4 Rd2 48. c3 h5 49. Ra7 Nf6 50. Re7 Rxg2 51. Rxe5 Rxh2 52. Kd3 h4 53.
c4 Ra2 54. Re1 Ra3+ 55. Ke2 Rc3 0-1

[Event "Sparkassen-Open B"]
[Site "Heusenstamm, Martinsee"]
[Date "2016.11.27"]
[Round "7.2"]
[White "Mehl, Ulrich"]
[Black "Künitz, Klaus"]
[Result "1-0"]
[WhiteElo "1556"]
[BlackElo "1757"]
[PlyCount "60"]
[EventDate "2016.??.??"]
[WhiteTeam "FV Berkersheim"]
[BlackTeam "TSV Schott Mainz"]

1. d4 f5 2. c4 d6 3. Nf3 g6 4. Nc3 Nf6 5. b3 Bg7 6. Bb2 O-O 7. e3 c6 8. Qc2 a5
9. g3 Na6 10. a3 Bd7 11. Bg2 Qc7 12. O-O Nh5 13. d5 Nf6 14. Rac1 Rac8 15. dxc6
bxc6 16. Rfd1 Rb8 17. Na4 Ne4 18. Bxg7 Kxg7 19. Nd4 Nec5 20. Nxc5 Nxc5 21. b4
axb4 22. axb4 Na6 23. Bxc6 Nxb4 24. Qc3 e5 25. Bxd7 Qxd7 26. Nb5 Na2 27. Qxe5+
dxe5 28. Rxd7+ Rf7 29. Rxf7+ Kxf7 30. Ra1 Nb4 1-0

[Event "Sparkassen-Open B"]
[Site "Heusenstamm, Martinsee"]
[Date "2016.11.27"]
[Round "7.3"]
[White "Sikorra, Philipp"]
[Black "Baranyai-Molnar, Adam-Kristof"]
[Result "0-1"]
[WhiteElo "1790"]
[BlackElo "1663"]
[PlyCount "60"]
[EventDate "2016.??.??"]
[WhiteTeam "SC Ladja Roßdorf"]
[BlackTeam "SF Neuberg"]

1. e4 c5 2. Nc3 e6 3. f4 d5 4. Nf3 d4 5. Bb5+ Bd7 6. Bxd7+ Nxd7 7. Ne2 Ngf6 8.
d3 Be7 9. O-O O-O 10. Ne5 Qc7 11. Nxd7 Nxd7 12. f5 e5 13. Ng3 Kh8 14. Qh5 Nf6
15. Qh3 Ng8 16. Nh5 f6 17. Rf3 Rf7 18. Qh4 Bf8 19. Rh3 h6 20. Bd2 c4 21. Kh1
cxd3 22. cxd3 Qc2 23. Qe1 Qxb2 24. g4 Rc8 25. g5 fxg5 26. Bxg5 hxg5 27. Nf4+
Nh6 28. Ng6+ Kg8 29. Qg1 Rfc7 30. Rxh6 gxh6 0-1

[Event "Sparkassen-Open B"]
[Site "Heusenstamm, Martinsee"]
[Date "2016.11.27"]
[Round "7.4"]
[White "Burow, Roger"]
[Black "Hauk, Roland"]
[Result "1/2-1/2"]
[WhiteElo "1610"]
[BlackElo "1739"]
[PlyCount "50"]
[EventDate "2016.??.??"]
[WhiteTeam "SV Kelsterbach"]
[BlackTeam "SK Endingen"]

1. e4 e6 2. Nf3 c5 3. d4 cxd4 4. c3 d3 5. Bxd3 Nc6 6. Nbd2 Qc7 7. O-O d6 8. Nb3
Nf6 9. Qc2 e5 10. h3 Be7 11. Bg5 Be6 12. Nbd2 Qd7 13. Nh2 h6 14. Be3 g5 15. f3
Nh5 16. a4 Nf4 17. Bxf4 gxf4 18. Kh1 h5 19. Rfd1 Rc8 20. Bf1 a6 21. Nc4 Qc7 22.
Rac1 f6 23. b3 Kf7 24. Qb2 Rhd8 25. Nd2 Qb8 1/2-1/2

[Event "Sparkassen-Open B"]
[Site "Heusenstamm, Martinsee"]
[Date "2016.11.27"]
[Round "7.5"]
[White "Meyer, Marcel"]
[Black "Mügendt, Brian Christopher"]
[Result "0-1"]
[WhiteElo "1709"]
[BlackElo "1720"]
[PlyCount "110"]
[EventDate "2016.??.??"]
[WhiteTeam "SC Herborn"]
[BlackTeam "SC Heusenstamm"]

1. d4 Nf6 2. c4 g6 3. Nc3 Bg7 4. e4 d6 5. f3 O-O 6. Be3 c5 7. Nge2 Nc6 8. d5
Ne5 9. Ng3 h5 10. Bd3 h4 11. Nge2 h3 12. Nf4 hxg2 13. Nxg2 Nh5 14. Be2 Qd7 15.
Nf4 Nxf4 16. Bxf4 Qh3 17. Bg3 Qg2 18. Rf1 Bh3 19. Rf2 Qg1+ 20. Kd2 Bh6+ 21. Kc2
Qxd1+ 22. Nxd1 f5 23. f4 Ng4 24. Bxg4 Bxg4 25. Ne3 Bh3 26. exf5 Bxf5+ 27. Nxf5
Rxf5 28. Re1 Re8 29. Re6 Kf7 30. a3 Rc8 31. Rfe2 Rc7 32. R2e4 Rh5 33. b4 cxb4
34. axb4 Rxd5 35. Rxe7+ Rxe7 36. Rxe7+ Kxe7 37. cxd5 Kf6 38. f5 Kxf5 39. Bxd6
Ke4 40. Bb8 Kxd5 41. Bxa7 Bf4 42. h3 Ke4 43. Bc5 Kf3 44. Be7 Kg3 45. h4 Kg4 46.
Kd3 Bg3 47. Kc4 Bxh4 48. Bd6 Bf2 49. Kb5 Kf3 50. Bc5 g5 51. Kb6 g4 52. Kxb7 g3
53. Bd6 g2 54. Bh2 Kg4 55. b5 Kh3 0-1

[Event "Sparkassen-Open B"]
[Site "Heusenstamm, Martinsee"]
[Date "2016.11.27"]
[Round "7.6"]
[White "Lietzau, Olaf"]
[Black "Senatov, Boris"]
[Result "1-0"]
[WhiteElo "1728"]
[BlackElo "1404"]
[PlyCount "69"]
[EventDate "2016.??.??"]
[WhiteTeam "SC Obertshausen"]
[BlackTeam "SC Heusenstamm"]

1. g3 d5 2. d3 e5 3. Bg2 Nf6 4. Nf3 Nc6 5. Nbd2 Bc5 6. h3 O-O 7. e4 dxe4 8.
dxe4 Qe7 9. O-O Rd8 10. Qe2 a5 11. a3 a4 12. Nh4 Nd4 13. Qd1 Be6 14. Nf5 Qe8
15. Nxd4 Bxd4 16. Qe2 b5 17. Re1 c6 18. Bf1 Qd7 19. Kh2 Ne8 20. c3 Ba7 21. f4
exf4 22. gxf4 Bb8 23. Nf3 Nf6 24. Ng5 Bb3 25. e5 Nd5 26. Qe4 g6 27. c4 Ne7 28.
cxb5 cxb5 29. Qxa8 Bd5 30. Qa5 Bc6 31. Bg2 Bc7 32. Qb4 Nd5 33. Bxd5 Qxd5 34.
Ne4 Bb6 35. Nf6+ 1-0

[Event "Sparkassen-Open B"]
[Site "Heusenstamm, Martinsee"]
[Date "2016.11.27"]
[Round "7.7"]
[White "Schlömer, Andreas"]
[Black "Krastev, Ivan"]
[Result "1/2-1/2"]
[WhiteElo "1756"]
[BlackElo "1732"]
[PlyCount "66"]
[EventDate "2016.??.??"]
[WhiteTeam "SK Upland Willingen"]
[BlackTeam "Biebertaler SF"]

1. c4 Nf6 2. g3 c5 3. Bg2 Nc6 4. Nf3 g6 5. O-O Bg7 6. d3 O-O 7. Nc3 Rb8 8. Rb1
a6 9. a3 Ne8 10. Qc2 Nc7 11. b4 Nd4 12. Nxd4 cxd4 13. Ne4 d5 14. cxd5 Nxd5 15.
Bb2 b6 16. Rfe1 Bb7 17. Qb3 Kh8 18. e3 e5 19. exd4 exd4 20. Rbc1 f5 21. Nd2 Nc3
22. Bxb7 Rxb7 23. Nb1 Nxb1 24. Rxb1 f4 25. Re4 fxg3 26. hxg3 Re7 27. Rbe1 Rfe8
28. Rxe7 Rxe7 29. Rxe7 Qxe7 30. Qd1 h5 31. Bc1 Qe6 32. Kg2 Qc6+ 33. Kg1 Kh7
1/2-1/2

[Event "Sparkassen-Open B"]
[Site "Heusenstamm, Martinsee"]
[Date "2016.11.27"]
[Round "7.8"]
[White "Riemann, Jonas"]
[Black "Füssel, Jan Michael"]
[Result "0-1"]
[WhiteElo "1527"]
[BlackElo "1754"]
[PlyCount "106"]
[EventDate "2016.??.??"]
[WhiteTeam "SK Bickenbach"]
[BlackTeam "VSG Offenbach"]

1. e4 c5 2. Nf3 Nc6 3. d4 cxd4 4. Nxd4 g6 5. Nc3 Bg7 6. Be3 d6 7. Bc4 Qa5 8.
Bb3 Nf6 9. f3 O-O 10. Qd2 Bd7 11. h4 Ne5 12. O-O-O b5 13. g4 h5 14. gxh5 Nxh5
15. f4 Ng4 16. f5 Kh7 17. fxg6+ fxg6 18. Rdg1 Nxe3 19. Qxe3 Bh6 20. Rg5 Qb6 21.
Nd5 Bxg5 22. hxg5 Qc5 23. Nxe7 Qe5 24. Nd5 Kg7 25. Nf3 Rxf3 26. Qxf3 Qxg5+ 27.
Kb1 Qg3 28. Qd3 Qxd3 29. cxd3 Rc8 30. Rf1 g5 31. Ne7 Rf8 32. Rg1 g4 33. Bd1 Nf6
34. Kc2 Kh6 35. Kd2 Rf7 36. Nf5+ Bxf5 37. exf5 Kg5 38. Ke3 Kxf5 39. Kf2 Rh7 40.
Kg2 Nd5 41. Rf1+ Kg5 42. Be2 Ne3+ 43. Kf2 Nxf1 44. Kxf1 Rh2 45. d4 Kf4 46. Bxb5
Rxb2 47. Bc4 Kf3 48. Kg1 g3 49. d5 Rc2 50. Bb5 Rxa2 51. Bc4 Ra1+ 52. Bf1 a6 53.
Kh1 Rxf1# 0-1

[Event "Sparkassen-Open B"]
[Site "Heusenstamm, Martinsee"]
[Date "2016.11.27"]
[Round "7.9"]
[White "Mainka, Walter"]
[Black "Peteani, Damien"]
[Result "0-1"]
[WhiteElo "1601"]
[BlackElo "1679"]
[PlyCount "72"]
[EventDate "2016.??.??"]
[WhiteTeam "SG Wächtersbach"]
[BlackTeam "SV Groß-Gerau"]

1. d4 e6 2. c4 f5 3. a3 Nf6 4. Nc3 c6 5. Nf3 d5 6. e3 Bd6 7. c5 Bc7 8. Be2 b6
9. b4 Bb7 10. Bb2 Ne4 11. Rc1 b5 12. g3 O-O 13. O-O Nd7 14. Nxe4 fxe4 15. Ne1
Nf6 16. Ng2 Bc8 17. a4 a6 18. axb5 axb5 19. Ra1 Bd7 20. Qc2 Qe7 21. Bc3 e5 22.
Qb2 exd4 23. Bxd4 Ng4 24. Bxg4 Bxg4 25. Nf4 Bxf4 26. exf4 Bf3 27. h4 Qd7 28.
Kh2 Qg4 29. Be5 h6 30. Qd2 Rae8 31. Bd6 Rf5 32. Ra3 Rh5 33. Rxf3 exf3 34. Re1
Rxe1 35. Qxe1 Rxh4+ 36. Kg1 Rh1+ 0-1

[Event "Sparkassen-Open B"]
[Site "Heusenstamm, Martinsee"]
[Date "2016.11.27"]
[Round "7.10"]
[White "Plötz, Hans-Jürgen"]
[Black "Bayer, Martin"]
[Result "0-1"]
[WhiteElo "1625"]
[BlackElo "1765"]
[PlyCount "102"]
[EventDate "2016.??.??"]
[WhiteTeam "SC Bad Nauheim"]
[BlackTeam "SK Gründau"]

1. d4 d5 2. Nf3 Nf6 3. Bf4 Bf5 4. e3 e6 5. c4 Bd6 6. Bg5 c6 7. Nc3 Nbd7 8. a3
a5 9. c5 Be7 10. b4 axb4 11. axb4 O-O 12. Be2 Rxa1 13. Qxa1 Qa8 14. O-O h6 15.
Bh4 g5 16. Bg3 Nh5 17. Bc7 Nhf6 18. h3 Rc8 19. Bh2 Ne4 20. Nxe4 dxe4 21. Nd2 b5
22. Qb2 Qb7 23. Ra1 Ra8 24. Ra2 Nf6 25. Qa1 Rxa2 26. Qxa2 Nd5 27. Qa3 Bd8 28.
f3 Nf6 29. Be5 exf3 30. gxf3 Bxh3 31. Nb3 Bf5 32. Na5 Qa8 33. Qc3 Nd5 34. Qd2
Nxb4 35. Qxb4 Qxa5 36. Qxa5 Bxa5 37. e4 Bg6 38. d5 exd5 39. exd5 Bb4 40. Bd4
cxd5 41. Bxb5 Ba5 42. Bc6 f5 43. Bxd5+ Bf7 44. Bb7 Bc7 45. Bc8 f4 46. Kg2 Bg6
47. Bd7 Kf7 48. c6 h5 49. Kh3 Bd3 50. Kg2 Bc4 51. Kf2 Be6 0-1

[Event "Sparkassen-Open B"]
[Site "Heusenstamm, Martinsee"]
[Date "2016.11.27"]
[Round "7.11"]
[White "Hübner, Kai"]
[Black "Basovskiy, Jana"]
[Result "1/2-1/2"]
[WhiteElo "1734"]
[BlackElo "1571"]
[PlyCount "53"]
[EventDate "2016.??.??"]
[WhiteTeam "SC Flörsheim"]
[BlackTeam "SK Mannheim"]

1. d4 d5 2. Bf4 e6 3. e3 Nf6 4. Nd2 Be7 5. Bd3 O-O 6. Ngf3 Nbd7 7. Qe2 c5 8. c3
b6 9. Ne5 Bb7 10. O-O Rc8 11. Ndf3 c4 12. Bc2 b5 13. a4 b4 14. a5 a6 15. Nxd7
Qxd7 16. Ne5 Qd8 17. Qf3 Bd6 18. Qh3 h6 19. Bxh6 gxh6 20. Qxh6 Ne4 21. f3 Qg5
22. Qxg5+ Nxg5 23. h4 Nh7 24. Nd7 Rfd8 25. Nb6 Rb8 26. g4 Be7 27. g5 1/2-1/2

[Event "Sparkassen-Open B"]
[Site "Heusenstamm, Martinsee"]
[Date "2016.11.27"]
[Round "7.12"]
[White "Kellner, Günter"]
[Black "Held, Maurice"]
[Result "0-1"]
[WhiteElo "1587"]
[BlackElo "1707"]
[PlyCount "102"]
[EventDate "2016.??.??"]
[WhiteTeam "Obertshausen"]
[BlackTeam "SC Ladja Roßdorf"]

1. c4 g6 2. g3 Bg7 3. Bg2 c5 4. Nc3 Nc6 5. b3 e5 6. Bb2 Nge7 7. d3 d6 8. e4 Nd4
9. h3 O-O 10. Nge2 Nec6 11. O-O a6 12. Nxd4 Nxd4 13. Ne2 Nxe2+ 14. Qxe2 b5 15.
Kh2 Be6 16. Qe3 Qb6 17. Bc3 Rfb8 18. Rfd1 b4 19. Be1 a5 20. Qd2 Ra6 21. Qc2
Rba8 22. a3 Bd7 23. a4 Rf8 24. Qe2 Raa8 25. Bd2 Rae8 26. Rf1 Qd8 27. Ra2 Bc6
28. Be3 f5 29. f3 f4 30. Bf2 h5 31. g4 Qf6 32. Rh1 Bd7 33. Kg1 hxg4 34. hxg4
Bxg4 35. Ra1 Bh5 36. Rf1 Kf7 37. Be1 Rh8 38. Bh3 Rh7 39. Qg2 g5 40. Kf2 Bg6 41.
Bg4 Reh8 42. Rxh7 Rxh7 43. Rh1 Ke7 44. Rxh7 Bxh7 45. Qh3 Qh6 46. Qxh6 Bxh6 47.
Kg2 Bg6 48. Kh3 Be8 49. Bf2 Bxa4 50. bxa4 b3 51. Be1 b2 0-1

[Event "Sparkassen-Open B"]
[Site "Heusenstamm, Martinsee"]
[Date "2016.11.27"]
[Round "7.13"]
[White "Bahr, Arne"]
[Black "Gruber, Marcel"]
[Result "1/2-1/2"]
[WhiteElo "1702"]
[BlackElo "1431"]
[PlyCount "34"]
[EventDate "2016.??.??"]
[WhiteTeam "SG Turm Kiel"]
[BlackTeam "Vorw.Orient Mainz"]

1. f4 e5 2. Nc3 exf4 3. Nf3 g5 4. e4 g4 5. Ne5 Qh4+ 6. g3 fxg3 7. Qxg4 Qxg4 8.
Nxg4 gxh2 9. d4 d5 10. Nxh2 dxe4 11. Nxe4 f5 12. Ng5 h6 13. Ngf3 Bd6 14. Ne5
Bxe5 15. dxe5 Nc6 16. Bd2 Be6 17. Bb5 Nge7 1/2-1/2

[Event "Sparkassen-Open B"]
[Site "Heusenstamm, Martinsee"]
[Date "2016.11.27"]
[Round "7.14"]
[White "Hambel, Christoph"]
[Black "Westhof, Benedikt"]
[Result "1/2-1/2"]
[WhiteElo "1671"]
[BlackElo "1364"]
[PlyCount "75"]
[EventDate "2016.??.??"]
[WhiteTeam "Bad Vilbeler Sfr"]
[BlackTeam "SC Heusenstamm"]

1. c4 c5 2. Nc3 Nc6 3. g3 b6 4. Bg2 Bb7 5. e4 e5 6. d3 d6 7. Nge2 g6 8. O-O Bg7
9. Nd5 Nge7 10. Nec3 O-O 11. f4 f5 12. fxe5 Bxe5 13. Bg5 Qd7 14. Qe2 Nxd5 15.
Nxd5 Nd4 16. Qd2 Rae8 17. Rae1 Bg7 18. exf5 Nxf5 19. g4 Nd4 20. Rxf8+ Rxf8 21.
Qd1 Be5 22. Bh6 Rf7 23. g5 Ne6 24. Rxe5 dxe5 25. Nf6+ Rxf6 26. gxf6 Qd4+ 27.
Kh1 Bxg2+ 28. Kxg2 Nf4+ 29. Bxf4 Qxf4 30. Qa4 Qxf6 31. Qxa7 Qg5+ 32. Kh3 Qe3+
33. Kg2 Qe2+ 34. Kg1 Qxb2 35. Qe7 Qd4+ 36. Kg2 Qg4+ 37. Kf2 Qf4+ 38. Kg2
1/2-1/2

[Event "Sparkassen-Open B"]
[Site "Heusenstamm, Martinsee"]
[Date "2016.11.27"]
[Round "7.15"]
[White "Werner, Tom"]
[Black "Hagner, Bennet"]
[Result "0-1"]
[WhiteElo "1667"]
[BlackElo "1543"]
[PlyCount "116"]
[EventDate "2016.??.??"]
[WhiteTeam "VSG Offenbach"]
[BlackTeam "Frankfurter TV"]

1. e4 c6 2. d4 d5 3. e5 c5 4. Nf3 Nc6 5. c3 Bg4 6. Be2 e6 7. a3 Nge7 8. b4 cxd4
9. cxd4 Nf5 10. Ng1 Bxe2 11. Nxe2 Qh4 12. g3 Qe4 13. O-O Ncxd4 14. Nxd4 Nxd4
15. Re1 Nf3+ 16. Kf1 Nxh2+ 17. Kg1 Nf3+ 18. Kf1 Nxe1 19. Qxe1 Qxe1+ 20. Kxe1
Rc8 21. Kd1 Be7 22. Be3 a6 23. Kd2 Kd7 24. Nc3 f6 25. f4 Rc4 26. Na4 Rc6 27.
Bc5 fxe5 28. fxe5 Bg5+ 29. Ke2 b5 30. Nc3 Be7 31. Bxe7 Kxe7 32. Kd2 Rf8 33. Ne2
Rf5 34. Nd4 Rc4 35. Nxf5+ exf5 36. Re1 Re4 37. Rxe4 fxe4 38. Ke3 g5 39. g4 Ke6
40. Kd4 h6 41. Kc5 e3 42. Kb6 e2 43. Kxa6 e1=Q 44. Kxb5 d4 45. a4 d3 46. a5 Qe4
47. a6 d2 48. a7 d1=R 49. a8=Q Qxa8 50. Kb6 h5 51. gxh5 g4 52. h6 g3 53. h7 g2
54. h8=Q Qxh8 55. Kb5 g1=R 56. Kc5 Qc8+ 57. Kb6 Qb8+ 58. Kc6 Rc1# 0-1

[Event "Sparkassen-Open B"]
[Site "Heusenstamm, Martinsee"]
[Date "2016.11.27"]
[Round "7.16"]
[White "Kirchner, Stefan"]
[Black "Haack, Kevin"]
[Result "0-1"]
[WhiteElo "1509"]
[BlackElo "1644"]
[PlyCount "70"]
[EventDate "2016.??.??"]
[WhiteTeam "SF Schöneck"]
[BlackTeam "SC Sulzbach"]

1. e3 d5 2. Nf3 c5 3. d3 Nc6 4. Nbd2 Bg4 5. Be2 Nf6 6. O-O e5 7. e4 dxe4 8.
dxe4 Be7 9. c3 O-O 10. a4 Qc7 11. Qc2 Rfd8 12. Nc4 Rac8 13. Ne3 Be6 14. Ng5 Bd7
15. Re1 h6 16. Nf3 Be6 17. Nf1 c4 18. Ng3 Na5 19. Be3 Nb3 20. Rad1 Bd7 21. Nf5
Bf8 22. Nd2 Bxa4 23. Nxc4 Nc5 24. Qc1 Bxd1 25. Rxd1 Rxd1+ 26. Bxd1 Nd3 27. Qd2
Qxc4 28. Nxh6+ gxh6 29. Bxh6 Bxh6 30. Qxh6 Qe6 31. Qg5+ Kf8 32. h4 Ke7 33. Bg4
Qxg4 34. Qe3 Qd1+ 35. Kh2 Ng4+ 0-1

[Event "Sparkassen-Open B"]
[Site "Heusenstamm, Martinsee"]
[Date "2016.11.27"]
[Round "7.17"]
[White "Fritsch, Reinhold"]
[Black "Strate, Wolfgang"]
[Result "1/2-1/2"]
[WhiteElo "1441"]
[BlackElo "1637"]
[PlyCount "34"]
[EventDate "2016.??.??"]
[WhiteTeam "SC Somborn"]
[BlackTeam "SC Eschbach"]

1. e4 e6 2. d4 d5 3. exd5 exd5 4. Nf3 Nf6 5. Bg5 Be7 6. Be2 O-O 7. O-O c6 8.
Nc3 Bf5 9. Bd3 Bxd3 10. Qxd3 Nbd7 11. Rfe1 Re8 12. Ne5 h6 13. Bd2 Bd6 14. Qf5
Re6 15. Nxd7 Qxd7 16. Rxe6 Qxe6 17. Qxe6 fxe6 1/2-1/2

[Event "Sparkassen-Open B"]
[Site "Heusenstamm, Martinsee"]
[Date "2016.11.27"]
[Round "7.18"]
[White "Renger, Jürgen"]
[Black "Rupp, Arnim"]
[Result "1/2-1/2"]
[WhiteElo "1628"]
[BlackElo "1280"]
[PlyCount "54"]
[EventDate "2016.??.??"]
[WhiteTeam "Sges Bensheim"]
[BlackTeam "SC Eschborn"]

1. d4 d5 2. c4 c6 3. Nf3 Nf6 4. e3 e6 5. Nc3 Be7 6. Bd3 dxc4 7. Bxc4 b5 8. Bd3
O-O 9. O-O Bb7 10. Ne4 Nbd7 11. b3 a6 12. Bb2 c5 13. Ng3 Bd6 14. Rc1 Rc8 15.
Nd2 Nd5 16. Nde4 Bxg3 17. hxg3 Qe7 18. Qh5 Nb4 19. Bb1 g6 20. Qh6 Bxe4 21. Bxe4
Nxa2 22. dxc5 f6 23. Ra1 Nb4 24. Ba3 Qxc5 25. Bxg6 hxg6 26. Qxg6+ Kh8 27. Qh6+
Kg8 1/2-1/2

[Event "Sparkassen-Open B"]
[Site "Heusenstamm, Martinsee"]
[Date "2016.11.27"]
[Round "7.19"]
[White "Gade, Bernt"]
[Black "Kail, Thomas"]
[Result "1/2-1/2"]
[WhiteElo "1259"]
[BlackElo "1658"]
[PlyCount "53"]
[EventDate "2016.??.??"]
[WhiteTeam "FV Berkersheim"]
[BlackTeam "SK Klingenberg"]

1. e4 e6 2. d4 d5 3. Nc3 Bb4 4. e5 Nd7 5. a3 Bxc3+ 6. bxc3 c5 7. Qg4 g6 8. h4
h5 9. Qd1 cxd4 10. cxd4 Nb6 11. Bd3 Bd7 12. Bg5 Qc7 13. Ne2 Rc8 14. O-O Ba4 15.
Ra2 Qd7 16. Nf4 Bb5 17. Kh2 Bxd3 18. Qxd3 Na4 19. f3 Rc3 20. Qd2 b6 21. Ne2 Rc4
22. Qd3 Ne7 23. g4 Qc7 24. Rf2 b5 25. Ng3 a6 26. Ra1 Nc6 27. Be3 1/2-1/2

[Event "Sparkassen-Open B"]
[Site "Heusenstamm, Martinsee"]
[Date "2016.11.27"]
[Round "7.22"]
[White "Mayer, Rolf"]
[Black "Urbach, Jens"]
[Result "0-1"]
[WhiteElo "1504"]
[BlackElo "1599"]
[PlyCount "130"]
[EventDate "2016.??.??"]
[WhiteTeam "SC Flörsheim"]
[BlackTeam "SF Frankfurt"]

1. d4 Nf6 2. Nf3 d5 3. Bf4 Bf5 4. e3 e6 5. Bd3 Bxd3 6. Qxd3 Nc6 7. a3 Bd6 8.
Bg3 Bxg3 9. hxg3 Qe7 10. Nbd2 O-O-O 11. O-O-O h6 12. Nh2 e5 13. dxe5 Nxe5 14.
Qe2 Qe6 15. Kb1 Rd6 16. Ndf3 Rb6 17. Nxe5 Qxe5 18. b3 Kb8 19. Rd4 Ne4 20. Rxe4
Qxe4 21. Qf3 Rxb3+ 22. Kc1 Qxf3 23. Nxf3 Rxa3 24. Kb2 Ra6 25. Ne5 c6 26. f3 f6
27. Nd7+ Kc7 28. Nc5 Rb6+ 29. Kc3 Kd6 30. Na4 Ra6 31. Nb2 b5 32. Rd1 Kc7 33.
Nd3 Re8 34. Kd2 Rb6 35. Ra1 Ra8 36. Nc5 Kd6 37. Nb3 c5 38. f4 g5 39. Rh1 Rh8
40. g4 gxf4 41. exf4 Rb7 42. g5 fxg5 43. f5 g4 44. f6 Rf7 45. Rf1 Rhf8 46. Rf4
h5 47. Rf5 Rxf6 48. Rxh5 Rf2+ 49. Kc1 Rxg2 50. Rh6+ Ke5 51. Nxc5 Rf1+ 52. Kb2
g3 53. Rh5+ Kd6 54. Nd3 Rh1 55. Rxh1 Rh2 56. Rxh2 gxh2 57. Nf2 Ke5 58. Kc3 a5
59. Kb2 Kf5 60. Kc3 Kf4 61. Kd2 Kg3 62. Ke1 Kg2 63. c3 a4 64. Ke2 a3 65. c4
dxc4 0-1

[Event "Sparkassen-Open B"]
[Site "Heusenstamm, Martinsee"]
[Date "2016.11.27"]
[Round "7.23"]
[White "Prümm, Stephan"]
[Black "Goodwin, David"]
[Result "1-0"]
[WhiteElo "1482"]
[BlackElo "1529"]
[PlyCount "47"]
[EventDate "2016.??.??"]
[WhiteTeam "SC Heusenstamm"]
[BlackTeam "SV Kelsterbach"]

1. e4 g6 2. d4 Bg7 3. f4 d6 4. Nf3 Nd7 5. Bc4 Nb6 6. Bb3 Nf6 7. e5 dxe5 8. fxe5
Nfd5 9. c4 Nb4 10. a3 Nc6 11. O-O Na5 12. Ba2 Bd7 13. c5 Nc8 14. b4 Nc6 15. Ng5
Be6 16. Bxe6 Qxd4+ 17. Qxd4 Nxd4 18. Bxf7+ Kd7 19. Rd1 Bxe5 20. Bf4 Kc6 21.
Bxe5 Ne2+ 22. Kf2 Rf8 23. Kxe2 h6 24. Bd5+ 1-0

[Event "Sparkassen-Open B"]
[Site "Heusenstamm, Martinsee"]
[Date "2016.11.27"]
[Round "7.24"]
[White "Bayer, Melissa"]
[Black "Friedel, Thomas"]
[Result "0-1"]
[WhiteElo "1552"]
[BlackElo "1578"]
[PlyCount "78"]
[EventDate "2016.??.??"]
[WhiteTeam "SK Gründau"]
[BlackTeam "SV Groß-Gerau"]

1. e4 e5 2. Nf3 Nc6 3. Bb5 Bc5 4. c3 d6 5. O-O Bd7 6. h3 a6 7. Ba4 Nf6 8. Re1
O-O 9. d4 exd4 10. cxd4 Ba7 11. Nc3 Re8 12. Bg5 Qc8 13. Bxf6 gxf6 14. Nd5 Qd8
15. Qd2 Kh8 16. Bc2 Rg8 17. Nh4 Nxd4 18. Nf5 Nf3+ 19. Kh1 Nxd2 20. Re2 Bxf5 21.
exf5 c6 22. Nf4 Nc4 23. Bb3 Ne5 24. Nh5 d5 25. f4 Qd6 26. fxe5 fxe5 27. g4 e4
28. Kg2 Rg5 29. Ng3 Rag8 30. Rd1 Qc7 31. Bxd5 cxd5 32. Rxd5 Qf4 33. Red2 Qf3+
34. Kh2 Bg1+ 35. Kxg1 Qxg3+ 36. Kf1 Qxh3+ 37. Kf2 Rxg4 38. Ke1 Rg1+ 39. Kf2
R8g2# 0-1

[Event "Sparkassen-Open B"]
[Site "Heusenstamm, Martinsee"]
[Date "2016.11.27"]
[Round "7.25"]
[White "Popp, Johann"]
[Black "Schneider, Kevin"]
[Result "1/2-1/2"]
[WhiteElo "1442"]
[BlackElo "1671"]
[PlyCount "51"]
[EventDate "2016.??.??"]
[WhiteTeam "SG Rödermark"]
[BlackTeam "SC Breuberg"]

1. d4 Nf6 2. c4 e6 3. Nf3 d5 4. Nc3 Be7 5. Bg5 Nbd7 6. e3 O-O 7. Qc2 b6 8. cxd5
exd5 9. Bd3 Bb7 10. O-O Rc8 11. Rac1 Ne4 12. Bxe7 Qxe7 13. Ne2 Ndf6 14. Nf4 c5
15. dxc5 Nxc5 16. Nd4 Nxd3 17. Qxd3 g6 18. h3 Qe4 19. f3 Qxd3 20. Nxd3 Ba6 21.
Rxc8 Rxc8 22. Rd1 Bxd3 23. Rxd3 Nd7 24. b4 Rc1+ 25. Kh2 Ne5 26. Ra3 1/2-1/2

[Event "Sparkassen-Open B"]
[Site "Heusenstamm, Martinsee"]
[Date "2016.11.27"]
[Round "7.26"]
[White "Werner, Rosalie"]
[Black "Schäfer, Gerhard"]
[Result "0-1"]
[WhiteElo "1380"]
[BlackElo "1648"]
[PlyCount "92"]
[EventDate "2016.??.??"]
[WhiteTeam "VSG Offenbach"]
[BlackTeam "SK Hofgeismar"]

1. e4 c5 2. Nf3 e6 3. d4 cxd4 4. Nxd4 a6 5. Nc3 Qc7 6. Be2 Bc5 7. Nf3 b5 8. a3
Bb7 9. O-O Nf6 10. Bd3 O-O 11. h3 d5 12. exd5 Nxd5 13. Nxd5 Bxd5 14. Re1 Nd7
15. Be3 Rfd8 16. Qd2 Bxf3 17. gxf3 Ne5 18. Kg2 Nxd3 19. cxd3 Qd6 20. Bxc5 Qxc5
21. Red1 Rd4 22. Rac1 Qd6 23. Qe3 e5 24. Rc2 h5 25. Rcd2 Qg6+ 26. Kf1 Qf5 27.
Kg2 Rh4 28. Rh1 Rd8 29. b3 Rd6 30. Kf1 Rxh3 31. Rxh3 Qxh3+ 32. Ke2 Qe6 33. Rc2
Qxb3 34. Kd2 Qe6 35. Qg5 Qh6 36. Qxh6 Rxh6 37. Ke3 g5 38. Rc1 h4 39. Ke4 Rf6
40. Rg1 Rf4+ 41. Ke3 f6 42. Rh1 Kf7 43. Ke2 Ra4 44. Ra1 b4 45. Kf1 Rxa3 46.
Rxa3 bxa3 0-1

[Event "Sparkassen-Open B"]
[Site "Heusenstamm, Martinsee"]
[Date "2016.11.27"]
[Round "7.27"]
[White "Hänselmann, Hendrik"]
[Black "Hofmann, Werner"]
[Result "1/2-1/2"]
[WhiteElo "1337"]
[BlackElo "1626"]
[PlyCount "53"]
[EventDate "2016.??.??"]
[WhiteTeam "Karlsruher SF"]
[BlackTeam "SV Kelsterbach"]

1. e4 e6 2. d4 d5 3. exd5 exd5 4. Nf3 Nf6 5. Bd3 Bd6 6. O-O Be6 7. Bg5 Nbd7 8.
Nbd2 c5 9. c3 Qb6 10. Qc2 O-O 11. Rfe1 c4 12. Be2 Qc7 13. a4 a6 14. a5 b5 15.
axb6 Qxb6 16. h3 Rfe8 17. Ra4 Ra7 18. Rea1 Rea8 19. b3 cxb3 20. Qxb3 Qc6 21.
Qa2 Ne8 22. Rc1 Nc7 23. Bd3 Nb6 24. Ra3 Qd7 25. Qc2 h6 26. Be3 Rb7 27. Rca1
1/2-1/2